000 00303nam a2200145Ia 4500
100 _aBhirud/G.N
490 _vI
942 _cBK
654 _aEngg. mathematics
245 _aEngg. mathematics
260 _bShree Engineering pub.
_aBombay
_c1993
300 _a443
546 _aENGLISH
999 _c22049
_d22049